000 00365nam a2200133 4500
005 20260530115258.0
100 1 _aLuis Alfredo Rodríguez Morales
_930854
245 1 0 _aElementos básicos para una Teoría del Diseño
264 1 _bUIA
_c1986
300 _a170 páginas
336 _atexto
_2rdacontent
337 _asin medio
_2rdamedia
338 _avolumen
_2rdacarrier
999 _c12732
_d12732